1706 1426 1565 1523 1461 1954 1096 1574 1842 1089 1508 1285 1428 1745 1014 1532 1541 1963 1585 1789 1076 1547 1958 1006 1115 1355 1152 1166 1716 1846 1800 1451 1336 1447 1898 1966 1979 1146 1633 1737 1248 1372 1733 1982 1448 1179 1204 1589 1043 1460 1271 1915 1939 1187 1214 1321 1015 1863 1230 1197 1671 1928 1006 1415 1553 1990 1300 1074 1967 1811 1185 1643 1825 1950 1350 1734 1523 1897 1178 1578 1186 1555 1473 1726 1892 1620 1669 1279 1768 1548 1376 1139 1945 1428 1347 1854 1575 1020 1038 BCNSPRNW ULIB Ver.6.0+V

เปลี่ยนเป็นภาษาไทย

Change to English
 แสดงรายละเอียดบรรณานุกรม
  กลับหน้าหลัก

Brief Record : Get Marc (ISO 2709) : E-mail record : QR code < ปิดหน้าต่าง
LEADER : 00000nam 2200000uu 4500
001    13399121671
003     ULIB
008    121129s||||||||th 000 0 tha d
020    ^a9789749849569
060 04 ^aWD220^bต367 2548
245 00 ^aตำราอิเล็คโทรลัยต์ในเด็ก /^cบรรณาธิการ, วันดี วราวิทย์,เกศรา อัศดามงคล
250    ^aพิมพ์ครั้งที่ 2
260    ^a[นครนายก] :^bภาควิชากุมารเวชศาสตร์ คณะแพทยศาสตร์มหาวิทยาลัยศรีนครินทรวิโรฒ,^c2548
300    ^ax, 634 หน้า :^bภาพประกอบ ;^c27 ซม.
650  7 ^aการรักษาด้วยสารน้ำ
650  7 ^aน้ำ-อีเล็คโตรลัยท์สมดุล^xในวัยทารกและวัยเด็ก
650  7 ^aสารน้ำในร่างกาย^xในวัยทารกและวัยเด็ก
700 0  ^aวันดี วราวิทย์,^eบรรณาธิการ
700 0  ^aเกศรา อัศดามงคล,^eบรรณาธิการ
710 2  ^aมหาวิทยาลัยศรีนครินทรวิโรฒ. ^bคณะแพทยศาสจร์.^bภาควิชากุมารเวชศาสตร์
945    ^p720^l0^i15714
945    ^p720^l0^i15896
995    ^aกัณชพร
999 ^a ใช้งานได้ทุกระบบ
รายการนี้ยังไม่มีแท็ก
คุณยังไม่ได้ล็อกอิน คุณสามารถมีกิจกรรมร่วมกับเว็บไซต์ได้ แต่ต้องล็อกอินก่อน ::
  ล็อกอิน

รายการสื่อสารสนเทศ

ลำดับที่ ประเภท เลขเรียก/บาร์โค้ด สถานที่ สถานะ
1. วิทยาศาสตร์การแพทย์ และสุขภาพ
วิทยาศาสตร์การแพทย์ และสุขภาพ
WD220 ต367 2548  
  Barcode: 15714
ห้องสมุดวิทยาเขตสวรรค์ประชารักษ์
►หนังสือทั่วไป
บนชั้น
2. วิทยาศาสตร์การแพทย์ และสุขภาพ
วิทยาศาสตร์การแพทย์ และสุขภาพ
WD220 ต367 2548 ฉ.2 
  Barcode: 15896
ห้องสมุดวิทยาเขตสวรรค์ประชารักษ์
►หนังสือทั่วไป
บนชั้น

รายการใกล้เคียง
    หัวเรื่อง [การรักษาด้วยสารน้ำ]

BibComment


ยังไม่เคยถูกคอมเมนท์

คอมเมนท์ทรัพยากรรายการนี้
  คอมเมนท์: ตำราอิเล็คโทรลัย..


 Copyright 2026. Bcnsprnw @Library